=LDR 00000nam 2200000 4500 =001 INLIS000000000040734 =005 20130612150308 =008 ***********************************ind** =035 ##$$0010-061300000040734 =041 ##$$a ind =082 ##$$a 658.311 2 =090 ##$$a 658.311 2, Kom k =245 ##$$a Komplikasi latihan psikotes lengkap, 1001 soal psikotes perusahaan swasta, BUMN dan jenjang pendidikan/JB. Tearm =260 ##$$a 2011 $b Yogyakarta =300 ##$$a 228 hlm., ilus., 26 cm =650 ##$$a Psikotes =700 ##$$a JB. Tearm =850 ##$$a NBPNMAT =990 ##$$a 1237012370 =990 ##$$a 01201436126